01664nam a22003611ib4500003000400000005001700004008004100021020003800062040002500100082001400125090001800139100003200157245003800189264004200227264001100269300005200280336002100332336002800353337002500381338002300406490001900429500002000448505025100468520029000719521001601009650004801025650002901073800003901102830003401141942001301175999001901188952009501207OSt20200517084533.0200513t20192019nyubo j 001 0 eng d a9781489677341qhardbackcRM127.45 aPPAKbengcPPAKerda04a615.822300a615.8bLAUdK1 aLaughlin, Kara L.,eauthor.10aTherapy dogs /cKara L. Laughlin. 1aNew York, NY :bAV2 by Weigl,c[2019] 4c©2019 a24 pages :bchiefly colour photographs ;c26 cm 2rdacontentatext 2rdacontentastill image 2rdamediaaunmediated 2rdacarrieravolume1 aDogs with jobs aIncludes index. aA history of healing -- A helping paw -- Crisis response dogs -- The science of therapy dogs -- What makes a good therapy dog? -- Becoming a therapy dog team -- On the job -- Therapy dogs and you -- Boo, the dog that helped a boy to talk -- Quiz. aSweden is located on the Scandinavian Peninsula in northeastern Europe. A long, narrow country, its mostly rocky coastline features many inlets and small islands. Learn more about Swedens fascinating history, culture, geography, and more in Sweden, an Exploring Countries book.cAmazon aGrades 4-6. 0aDogsvJuvenile literature.xTherapeutic use 0aPsychiatric service dogs1 aLaughlin, Kara L. tDogs with jobs 0aDogs with jobs (AV2 by Weigl) 2ddccAVB c177131d177131 0070bPPAKcKd2020-06-11l1oK 615.8 LAUpA01642260r2022-09-03 00:00:00s2022-08-16yAVB